02037nab a22003017a 4500999001500000003000400015005001700019008004100036040001100077100002900088245035500117260007300472300001300545500015400558505047500712505008901187650003401276650003201310650003301342650003101375650003101406650003301437650002701470650003501497700003901532773015101571942001301722 c5317d5317OSt20250221104100.0190603e xxum|||| |||| 00| 0 spa d cPJ-TDF 94791aAzar, Aldo Marcelo10aResponsabilidad por los sistemas de inteligencia artificial en entornos virtuales, aplicaciones, sitios de internet y plataformas digitales. La configuración de una nueva obligación de seguridad por daños a derechos personalísimos, datos personales y atributos de la personalidad a la luz de los Tratados de Derechos Humanos /cAldo M. Azar. cCiudad Autónoma de Buenos Aires :aThomson Reuters La Ley, b2024. ap. 75-84 aCita: TR LALEY AR/DOC/1983/2024. Publicado en: R.C.C. y C. 2024 (Septiembre-Octubre). EDICIÓN ESPECIAL: XXIX Jornadas Nacionales de Derecho Civil. aSumario: I. Conceptualización inicial de la inteligencia artificial (IA) y delimitación de los fenómenos bajo análisis.— II. Hechos productores de daños.— III. La afectación de los derechos personalísimos y de los atributos de la personalidad.— IV. Factores de atribución de responsabilidad.— V. La configuración de una nueva y especial obligación de seguridad.— VI. La responsabilidad por daños causados por la IA en entornos virtuales.  t¿Te interesa el texto completo? Solicitalo al correo: koha@justierradelfuego.gov.ar 095817aINTELIGENCIA ARTIFICIAL 091467aRESPONSABILIDAD CIVIL 096081aCIENCIA Y TECNOLOGÍA 092823aDAÑOS Y PERJUICIOS 092823aDAÑOS Y PERJUICIOS 092724aDERECHO A LA INTIMIDAD 094108aDATOS PERSONALES 09765aDERECHOS PERSONALÍSIMOS 96366aGuerreiro, Pablo N.ecoautor0 0271393170dCiudad Autónoma de Buenos Aires : Thomson Reuters La Ley, 2015-tRevista Código Civil y Comercial. Nº 5 - Septiembre-Octubre 2024 2udccANA